00494nam a2200193 a 4500001001300000003000900013005001700022008004100039020001000080082001300090100001400103245002700117260005300144300000900197500003500206505001000241650003500251700001400286nice12345678IN_TiNIC20260116011547.0050524s0000 lona grp 000 0 eng  ac10000a291bMUL aMuller, M aComparative Mythology. aLondon-New YorkbGeorge Routledge and Sonsc0000 a184p aincludes index and biblioraphy2 aIndex aComparative Religion-Mythology1 aMuller, M